00632 2200229 4500001002100000005001500021035002000036245005500056100001600111250001000127300003700137260003500174082001000209084001600219020001600235600003300251600003600284600003500320505001100355990001800366990001800384INLIS00000000000474520240103071116 a0010-01240000011 aSains Masa Depan Teknologi Internet /cAnne Rooney0 aAnne Rooney aCet.2 a48 hlm, :bilus ;c17 x 24,3 cm. aBandung; :bPakar Raya,c2009. a604.6 a604.6 ANN s a979534388-2 aPengalih Bahasa,Wulandari.SP aPenyunting Bahasa,Imam Setiadji aPenyunting Materi,Ir Rudiyanto aIndeks a7025/P/S/2013 a7026/P/S/2013